000 00417nam a22001697a 4500
003 CEME
005 20210628203441.0
008 210129b xxu||||| |||| 00| 0 eng d
040 _c.
082 _a891.4393 HAM
100 _aHameed, A
_959074
245 _aBaharati dehshat gard
260 _aLAHORE
_bMAQBOOL
_c1997
300 _a252
650 _aURDU ADAB-NOVEL-BAHARATI DEHSHAT GARD
_965549
942 _cBK
_2ddc
999 _c573722
_d573722